|
|
|
|
| LEADER |
02102nam a22004455i 4500 |
| 001 |
978-0-306-46906-0 |
| 003 |
DE-He213 |
| 005 |
20151028121137.0 |
| 007 |
cr nn 008mamaa |
| 008 |
100301s2002 xxu| s |||| 0|eng d |
| 020 |
|
|
|a 9780306469060
|9 978-0-306-46906-0
|
| 024 |
7 |
|
|a 10.1007/b114004
|2 doi
|
| 040 |
|
|
|d GrThAP
|
| 050 |
|
4 |
|a QD450-882
|
| 072 |
|
7 |
|a PNR
|2 bicssc
|
| 072 |
|
7 |
|a SCI013050
|2 bisacsh
|
| 082 |
0 |
4 |
|a 541
|2 23
|
| 245 |
1 |
0 |
|a Chemistry and Applications of Leuco Dyes
|h [electronic resource] /
|c edited by Ramaiah Muthyala.
|
| 264 |
|
1 |
|a Boston, MA :
|b Springer US,
|c 2002.
|
| 300 |
|
|
|a XVIII, 302 p.
|b online resource.
|
| 336 |
|
|
|a text
|b txt
|2 rdacontent
|
| 337 |
|
|
|a computer
|b c
|2 rdamedia
|
| 338 |
|
|
|a online resource
|b cr
|2 rdacarrier
|
| 347 |
|
|
|a text file
|b PDF
|2 rda
|
| 490 |
1 |
|
|a Topics in Applied Chemistry
|
| 505 |
0 |
|
|a Spiropyran Leuco Dyes -- Leuco Quinone Dyes -- Thiazine, Oxazine, and Phenazine Leuco Dyes -- Synthesis and Properties of Phthalide-Type Color Formers -- The Chemistry of Leuco Triarylmethanes -- The Chemistry of Fluoran Leuco Dyes -- The Chemistry of Tetrazolium Salts.
|
| 520 |
|
|
|a Contributions by scientists working in international laboratories provide the novice researcher with synthetic data and high-technology applications of leuco dyes. Covering leuco dye classes that exhibit reasonable stability, the book discusses photochromic materials that have wide-ranging applications in memory technology, leuco dyes for color photography, and a special class of dyes formulated by reduction instead of the oxidation process.
|
| 650 |
|
0 |
|a Chemistry.
|
| 650 |
|
0 |
|a Physical chemistry.
|
| 650 |
1 |
4 |
|a Chemistry.
|
| 650 |
2 |
4 |
|a Physical Chemistry.
|
| 700 |
1 |
|
|a Muthyala, Ramaiah.
|e editor.
|
| 710 |
2 |
|
|a SpringerLink (Online service)
|
| 773 |
0 |
|
|t Springer eBooks
|
| 776 |
0 |
8 |
|i Printed edition:
|z 9780306454592
|
| 830 |
|
0 |
|a Topics in Applied Chemistry
|
| 856 |
4 |
0 |
|u http://dx.doi.org/10.1007/b114004
|z Full Text via HEAL-Link
|
| 912 |
|
|
|a ZDB-2-CMS
|
| 912 |
|
|
|a ZDB-2-BAE
|
| 950 |
|
|
|a Chemistry and Materials Science (Springer-11644)
|